Nabisco Brands Quiz Stats

 Plays Quiz not verified by Sporcle

Challenge
Share
Tweet
Embed
Score 0/29 Timer 06:00
0 Plays Today
Brand % Correct
Oreo
89.8%
Chips Ahoy
67.3%
Ritz
44.9%
Wheat Thins
36.7%
Nutter Butter
36.7%
Nilla Wafers
28.6%
Triscuit
28.6%
Newtons
24.5%
Kraft Cheese Nips
22.4%
Premium
22.4%
Teddy Grahams
18.4%
Snackwells
16.3%
Honey Maid
14.3%
Barnum's Animal Crackers
12.2%
100 Calorie Packs
4.1%
Brand % Correct
Ginger Snaps
4.1%
Kraft Handi-Snacks
2%
Easy Cheese
2%
Arrowroot
0%
Mallomars
0%
Red Oval Farms Stoned Wheat Thins
0%
Toasted Chips
0%
Cameo
-2%
Nabisco Classics
-2%
Flavor Originals
-2%
Kraft Mac and Cheese Crackers
-2%
Mixers
-2%
Ritz Bits Sandwiches
-2%
Wheatsworth
-2%

You're not logged in!

Compare scores with friends on all Sporcle quizzes.
Join for Free
OR
Log In

You Might Also Like...

Show Comments

Extras

Created Sep 26, 2009SourceReportNominate
Tags:brand

Top Quizzes Today


Score Distribution

Your Account Isn't Verified!

In order to create a playlist on Sporcle, you need to verify the email address you used during registration. Go to your Sporcle Settings to finish the process.

Report this User

Report this user for behavior that violates our Community Guidelines.

Details: